|
|
|
|
| LEADER |
00000nam0a2200000 4500 |
| 001 |
240163 |
| 005 |
20231101231726.0 |
| 010 |
|
|
|a 9785394014277
|
| 035 |
|
|
|a (RuTPU)RU\TPU\book\261411
|
| 035 |
|
|
|a RU\TPU\book\229906
|
| 090 |
|
|
|a 240163
|
| 100 |
|
|
|a 20120227d2013 m y0rusy50 ca
|
| 101 |
0 |
|
|a rus
|
| 102 |
|
|
|a RU
|
| 105 |
|
|
|a y j 001zy
|
| 200 |
1 |
|
|a Бизнес-планирование
|e учебник
|f П. И. Орлова
|
| 210 |
|
|
|a Москва
|c Дашков и К
|d 2013
|
| 215 |
|
|
|a 284 с.
|
| 225 |
1 |
|
|a Учебные издания для бакалавров
|
| 320 |
|
|
|a Библиогр.: с. 282-283.
|
| 320 |
|
|
|a Словарь терминов и определений: с. 274-280.
|
| 330 |
|
|
|a Учебник по дисциплине "Бизнес-планирование" подготовлен в соответствии с Федеральным государственным образовательным стандартом для бакалавров. В книге подробно рассматриваются вопросы, связанные с планированием деятельности предприятия, анализом внешней и внутренней среды, включая конкурентов и потребителей, разработкой и реализацией бизнес-плана, организационной подготовкой компании и персонала к планируемым изменениям.
|
| 606 |
1 |
|
|a Бизнес-планирование
|x Теория
|2 stltpush
|3 (RuTPU)RU\TPU\subj\71471
|9 85367
|
| 610 |
1 |
|
|a внешняя среда
|
| 610 |
1 |
|
|a конкурентные позиции
|
| 610 |
1 |
|
|a внутренняя среда
|
| 610 |
1 |
|
|a анализ
|
| 610 |
1 |
|
|a бизнес-планы
|
| 610 |
1 |
|
|a финансовое планирование
|
| 610 |
1 |
|
|a конкурентные стратегии
|
| 610 |
1 |
|
|a позиционные стратегии
|
| 610 |
1 |
|
|a товарный ассортимент
|
| 610 |
1 |
|
|a товары
|
| 610 |
1 |
|
|a жизненный цикл
|
| 610 |
1 |
|
|a теория
|
| 610 |
1 |
|
|a учебники
|
| 686 |
|
|
|a У012.12я73
|v LBC/SL-A
|2 rubbk
|
| 700 |
|
1 |
|a Орлова
|b П. И.
|g Полина Ивановна
|
| 801 |
|
1 |
|a RU
|b 63413507
|c 20130619
|
| 801 |
|
2 |
|a RU
|b 63413507
|c 20191129
|g RCR
|
| 900 |
|
|
|a Бизнес-планирование
|
| 942 |
|
|
|c BK
|
| 959 |
|
|
|a 100/20130619
|d 7
|e 176,00
|f ЧЗГЛ:1
|f АНЛ:1
|f УФ:5
|